00202nam a2200085Ia 4500008004100000100000900041245002800050260003000078300000800108190216s9999||||xx |||||||||||||| ||und|| aNull 0aIndian Trade Unions Act bCentral Law Agenccyc1997 a19p